000 00347nam a2200133Ia 4500
008 230413s9999||||xx |||||||||||||| ||und||
020 _a9780670087877
082 _a338.88854
_bS61735
100 _aSingh, R. P
245 0 _aEnterprise of the soul
260 _aGurgaon
_bPenguin Books India Pvt. Ltd.
_c2014
300 _axxv, 205 p.
942 _cBK
999 _c26254
_d26254